Orientaciones generales para la presentación de los servicios públicos domiciliarios de agua potable y de saneamiento básico (Registro nro. 50696)

Detalles MARC
000 -ENCABEZADO
Número de control [NR] 01057nam a2200229Ia 4500
005 - FECHA Y HORA DE LA ÚLTIMA TRANSACCIÓN
control field 20211111074321.0
008 - DE LONGITUD FIJA DE DATOS DE ELEMENTOS - INFORMACIÓN GENERAL
Elementos de longitud fija [NR] 130821s2006 xx a gr spa
040 ## - FUENTE DE CATALOGACION [NR]
Agencia de catalogación original [NR] Co-BoUCM
Idioma de catalogación [NR] spa
041 00 - CODIGO DE IDIOMA [R]
Código de idioma para texto/pista de sonido o título separado [R] Español
110 1# - ASIENTO PRINCIPAL--NOMBRE CORPORATIVO [NR]
Nombre corporativo o de jurisdicción como elemento de entrada [NR] Colombia.
Unidad subordinada [R] Ministerio del Medio Ambiente
ID de autoridad 4053
245 10 - MENCION DE TITULO [NR]
Título [NR] Orientaciones generales para la presentación de los servicios públicos domiciliarios de agua potable y de saneamiento básico
Mención de responsabilidad, etc. [NR] Ministerio de Ambiente Vivienda y Desarrollo Territorial
260 ## - PUBLICACION, DISTRIBUCION, ETC. (PIE DE IMPRENTA) [R]
Lugar de publicación, distribución, etc. [R] [Lugar desconocido]
Nombre del editor, distribuidor, etc. [R] [Editorial desconocida]
Fecha de publicación, distribución, etc. [R] [fecha desconocida]
300 ## - DESCRIPCION FISICA [R]
Extensión [R] 51 páginas
Otros detalles físicos [NR] ilustraciones
490 ## - MENCION DE SERIE [R]
Mención de serie [R] Consultorio del agua.
Designación numérica/secuencial del volumen [NR] 1
Mención de serie [R] Presentación de servicios públicos domiciliarios
650 04 - ASIENTO SECUNDARIO DE MATERIA - TERMINO TEMATICO [R]
Término temático o nombre geográfico como elemento de entrada [NR] Abastecimiento de agua
9 (RLIN) 8241
650 04 - ASIENTO SECUNDARIO DE MATERIA - TERMINO TEMATICO [R]
Término temático o nombre geográfico como elemento de entrada [NR] Administración pública
9 (RLIN) 355
650 04 - ASIENTO SECUNDARIO DE MATERIA - TERMINO TEMATICO [R]
Término temático o nombre geográfico como elemento de entrada [NR] Servicios públicos domiciliarios
9 (RLIN) 24341
650 04 - ASIENTO SECUNDARIO DE MATERIA - TERMINO TEMATICO [R]
Término temático o nombre geográfico como elemento de entrada [NR] Servicios públicos domiciliarios
Subdivisión de forma [R] Tarifas
9 (RLIN) 24341
710 1# - ASIENTO SECUNDARIO - NOMBRE CORPORATIVO [R]
Nombre corporativo o de jurisdicción como elemento de entrada [NR] USAID, del Pueblo de los Estados Unidos de América
9 (RLIN) 162998
942 ## - ELEMENTOS DE ENTRADA AGREGADOS (KOHA)
Tipo de ítem principal el descrito en 300a Libro
Tema principal Administración
Edición 1
Parte restante de la signatura top. M665o
Sistema de clasificación DEWEY
Clasificación 363.6
Existencias
Fecha de último préstamo Total préstamos Total Renewals Signatura topográfica Código de barras Última vez visto Ejemplar Price effective from Tipo de ítem Perdido Sistema de clasificación Dañado No prestable Tipo de ítem específico Suprimido Ubicación habitual Ubicación actual Localización Fecha de creación Forma de adquisición Costo
06/04/2017 11 1 363.6 M665o 100080806 05/12/2025 Ej.1 03/02/2013 Libro   DEWEY     Libro   Claustro Claustro 2do piso 30/09/2006 Donación 26000.00